000 00514nam a2200193 a 4500
001 1773825107136
003 YourLibrary
005 20260318144534.0
008 260318s1998##################000#0#eng##
020 _a9781858988092
082 0 4 _a338.064FAU
100 1 _aFaucheux, Sylvie,
_eauthor.
245 1 0 _aSustainability and Firms :
260 _bEdward Elgar Publishing,
_c1998.
300 _a272 pages
650 0 _aBusiness & Economics.
942 _cENGLISH
040 _aYourLibrary
_beng
_cYourLibrary
999 _c617840
_d617840